MARC

LEADER 00000nam0a2200000 4500
001 365699
005 20231102011817.0
035 |a (RuTPU)RU\TPU\retro\23062 
090 |a 365699 
100 |a 20220118d1945 k y0rusy50 ca 
101 0 |a rus 
102 |a RU 
105 |a a z 001zy 
200 1 |a Сфероидизирующий отжиг стали ШХ-15  |e отчет по договору 5/45  |f Н. Д. Тютева  |g Томский политехнический институт ; науч. рук. А. Н. Добровидов 
210 |a Томск  |d 1945 
215 |a 24 с.  |c ил. 
320 |a Библиография в ссылках 
606 |a Отжиг металлов  |2 stltpush  |3 (RuTPU)RU\TPU\subj\47688  |9 66609 
610 1 |a сфероидизирующий отжиг 
610 1 |a стали высокой твердости 
610 1 |a Шх-15 
610 1 |a термическая обработка 
610 1 |a кольца 
610 1 |a штамповка 
610 1 |a подшипники 
675 |a 621.785.3  |v 4 
700 1 |a Тютева  |b Н. Д. 
702 1 |a Добровидов  |b А. Н.  |c советский инженер-механик  |c профессор ТПИ  |f 1894-1980  |g Александр Николаевич  |2 stltpush  |3 (RuTPU)RU\TPU\pers\21863  |4 727  |9 9200 
712 0 2 |a Томский политехнический институт  |c (1944-1991)  |2 stltpush  |3 (RuTPU)RU\TPU\col\1123  |9 23521 
801 1 |a RU  |b 63413507  |c 20220118 
801 2 |a RU  |b 63413507  |c 20220119  |g RCR 
942 |c BK